000
00318nam a2200121 a 4500
008
111026s1992|||| d
100
1
_a
Mudr.Geiger, Fritz
245
1
0
_a
Bylinný receptár
_b
Dôverujte liečivým silám prírody
260
_b
Ikar
_a
Bratislava
_c
1992
020
_c
33
041
_a
slo
044
_a
xo
_c
SK
999
_c
19846
_d
19846